Egypt / (Record no. 13284)
[ view plain ]
| 000 -LEADER | |
|---|---|
| fixed length control field | 01222cam a2200337 i 4500 |
| 001 - CONTROL NUMBER | |
| control field | 13301242 |
| 003 - CONTROL NUMBER IDENTIFIER | |
| control field | EG-ScBUE |
| 005 - DATE AND TIME OF LATEST TRANSACTION | |
| control field | 20230807122954.0 |
| 008 - FIXED-LENGTH DATA ELEMENTS--GENERAL INFORMATION | |
| fixed length control field | 030805s1909 nyu f 001 0 eng d |
| 020 ## - INTERNATIONAL STANDARD BOOK NUMBER | |
| International Standard Book Number | 0710308132 |
| 040 ## - CATALOGING SOURCE | |
| Original cataloging agency | DLC |
| Language of cataloging | eng |
| Description conventions | rda |
| Transcribing agency | DLC |
| Modifying agency | EG-ScBUE |
| 041 1# - LANGUAGE CODE | |
| Language code of text/sound track or separate title | eng |
| Language code of original and/or intermediate translations of text | fre |
| 043 ## - GEOGRAPHIC AREA CODE | |
| Geographic area code | f-ua--- |
| 082 04 - DEWEY DECIMAL CLASSIFICATION NUMBER | |
| Edition number | 22 |
| Classification number | 916.2 |
| Item number | LOT |
| 100 1# - MAIN ENTRY--PERSONAL NAME | |
| Personal name | Loti, Pierre, |
| Dates associated with a name | 1850-1923, |
| Relator term | author. |
| 9 (RLIN) | 10978 |
| 240 10 - UNIFORM TITLE | |
| Uniform title | <a href="Mort de Philae.">Mort de Philae.</a> |
| Language of a work | English |
| 245 10 - TITLE STATEMENT | |
| Title | Egypt / |
| Statement of responsibility, etc | By Pierre Loti ; translated from the French by W. P. Baines ; with frontispiece by A. Lamplough. |
| 264 #1 - PUBLICATION, DISTRIBUTION, ETC. (IMPRINT) | |
| Place of publication, distribution, etc | New York : |
| Name of publisher, distributor, etc | Frederick A. Stokes, |
| Date of publication, distribution, etc | [1909] |
| 300 ## - PHYSICAL DESCRIPTION | |
| Extent | vi, 309 pages ; |
| Dimensions | 25 cm |
| 336 ## - CONTENT TYPE | |
| Source | rdacontent |
| Content type term | text |
| Content type code | txt |
| 337 ## - MEDIA TYPE | |
| Source | rdamedia |
| Media type term | unmediated |
| Media type code | n |
| 338 ## - CARRIER TYPE | |
| Source | rdacarrier |
| Carrier type term | volume |
| Carrier type code | nc |
| 500 ## - GENERAL NOTE | |
| General note | Includes index. |
| 546 ## - LANGUAGE NOTE | |
| Language note | Text in English ; translated from the French language. |
| 651 #7 - SUBJECT ADDED ENTRY--GEOGRAPHIC NAME | |
| Geographic name | Egypt |
| General subdivision | Description and travel. |
| Source of heading or term | BUEsh |
| 9 (RLIN) | 10979 |
| 655 ## - INDEX TERM--GENRE/FORM | |
| Form subdivision | Reading book |
| 700 1# - ADDED ENTRY--PERSONAL NAME | |
| Personal name | Baines, W. P. |
| Fuller form of name | (William Peter), |
| Dates associated with a name | b. 1878, |
| Relator term | translator. |
| 9 (RLIN) | 10980 |
| 700 1# - ADDED ENTRY--PERSONAL NAME | |
| Personal name | Lamplough, A. O. |
| Fuller form of name | (Augustus O.) |
| Relator term | contributor. |
| 942 ## - ADDED ENTRY ELEMENTS (KOHA) | |
| Source of classification or shelving scheme | Dewey Decimal Classification |
| Koha item type | Book - Borrowing |
| Withdrawn status | Lost status | Source of classification or shelving scheme | Damaged status | Not for loan | Collection code | Home library | Current library | Shelving location | Date acquired | Source of acquisition | Total Checkouts | Full call number | Barcode | Date last seen | Price effective from | Koha item type |
|---|---|---|---|---|---|---|---|---|---|---|---|---|---|---|---|---|
| Dewey Decimal Classification | Central Library | Central Library | Second Floor | 04/02/2010 | Donation | 916.2 LOT | 000019679 | 15/07/2025 | 04/02/2010 | Book - Borrowing |